00661nam a22001937a 4500003000500000005001700005008004100022010001000063011001000073035001000083040000900093100002900102245014000131260004000271300001800311502009900329650001800428650002100446CHAP20220329133955.0971013s1974 r 00010 d a13452 a14424 a18497 cCHAP00aGómez Zambrano, Jairo. aDeterminación de la conductividad hidráulica equivalente para el esquema de líneas equipotenciales paralelas con flujo horizontal aChapingo, Méx. :bEl autor,c1974 a48 p.b: ilus aTesis (M.C. Esp. en Riego y Drenaje) -- ENA. Colegio de Postgraduados. Rama de Riego y Drenaje14aHidráulica.14aHidrodinámica.